| 000 | 00557nam a2200229Ia 4500 | ||
|---|---|---|---|
| 003 | OSt | ||
| 005 | 20260220155214.0 | ||
| 008 | 210210b1922 xxu||||| |||| 00| 0 eng d | ||
| 040 | _cAL | ||
| 041 | _aeng | ||
| 082 | _a822/638 | ||
| 100 |
_aRudyard Kipling _9256161 |
||
| 245 | _aProse a kipling anthology | ||
| 260 |
_aLondon _bMacmillan & Co. Ltd. _c1922 |
||
| 650 |
_aProse _9256162 |
||
| 650 |
_akipling _9256163 |
||
| 650 |
_aanthology _9256164 |
||
| 650 |
_aa _9256165 |
||
| 690 |
_aEnglish Prose _9256166 |
||
| 906 | _a012824 | ||
| 942 |
_2ddc _cBK |
||
| 999 |
_c131646 _d131646 |
||